80's Hair Bands - Statistics

General Stats
  • This quiz has been taken 551 times
  • The average score is 17 of 91
Answer Stats
Answer % Correct
Motley Crue
78%
Poison
76%
Bon Jovi
71%
Guns n Roses
66%
Whitesnake
66%
Ratt
65%
Def Leppard
64%
Cinderella
62%
Skid Row
59%
Van Halen
57%
Warrant
53%
Dokken
49%
Twisted Sister
48%
Quiet Riot
43%
Great White
41%
L.A. Guns
36%
White Lion
36%
Winger
34%
Europe
32%
Y&T
29%
Tesla
27%
Slaughter
26%
Stryper
26%
W.A.S.P.
26%
Faster Pussycat
23%
Kix
21%
Vixen
21%
Extreme
20%
Lita Ford
19%
Firehouse
18%
Queensryche
18%
Autograph
16%
Britny Fox
16%
Hanoi Rocks
16%
BulletBoys
15%
Mr. Big
14%
Damn Yankees
13%
Danger Danger
13%
Night Ranger
13%
Dangerous Toys
12%
Jackyl
12%
Trixter
12%
Accept
11%
Enuff Z'Nuff
11%
Bang Tango
10%
Steelheart
10%
XYZ
8%
Zebra
8%
Krokus
7%
Lynch Mob
7%
Pretty Boy Floyd
7%
David Lee Roth
6%
Helix
6%
Keel
6%
Loudness
6%
Vinnie Vincent Invasion
6%
Babylon AD
5%
Badlands
5%
Bonham
5%
Saigon Kick
5%
Shotgun Messiah
5%
Black n Blue
4%
Gorky Park
4%
Hurricane
4%
Kingdom Come
4%
King Kobra
4%
Nitro
4%
Blue Murder
3%
Giant
3%
Junkyard
3%
Kick Axe
3%
Killer Dwarfs
3%
Love/Hate
3%
Sleeze Beez
3%
Spinal Tap
3%
Tora Tora
3%
Fastway
2%
Frehley's Comet
2%
House of Lords
2%
Lizzy Borden
2%
Rough Cutt
2%
Steeler
2%
Thunder
2%
Dirty Looks
1%
D'Molls
1%
EZO
1%
Femme Fatale
1%
Giuffria
1%
Honeymoon Suite
1%
Lillian Axe
1%
Warlock
1%
No matching quizzes found
Score Distribution
Percent of People with Each Score
Percentile by Number Answered
Your Score History
You have not taken this quiz